Computer-integrated manufacturing : The social dimension
Đã lưu trong:
| 主要作者: | |
|---|---|
| 格式: | 图书 |
| 语言: | Undetermined |
| 出版: |
Geneva
International Labour Office
1990
|
| 主题: | |
| 标签: |
添加标签
没有标签, 成为第一个标记此记录!
|
| Thư viện lưu trữ: | Trung tâm Học liệu Trường Đại học Cần Thơ |
|---|
| LEADER | 00574nam a2200205Ia 4500 | ||
|---|---|---|---|
| 001 | CTU_94250 | ||
| 008 | 210402s9999 xx 000 0 und d | ||
| 082 | |a 303.48 | ||
| 082 | |b E15 | ||
| 100 | |a Ebel, Karl-H. | ||
| 245 | 0 | |a Computer-integrated manufacturing : | |
| 245 | 4 | |b The social dimension | |
| 245 | 0 | |c Karl-H. Ebel | |
| 260 | |a Geneva | ||
| 260 | |b International Labour Office | ||
| 260 | |c 1990 | ||
| 650 | |a Computer integrated manufacturing systems | ||
| 650 | |x Social aspects | ||
| 904 | |i Năm | ||
| 980 | |a Trung tâm Học liệu Trường Đại học Cần Thơ | ||